00862 a2200181 45000010006000000050017000060080041000230030015000640400040000790800099001192450027002182500011002452640029002563000019002855050337003041000019006417000020006602963620260407155606.0260407a1953 arg spa dAR-UNSa-BCEJYS aAR-UNSa-BCEJYSbspacAR-UNSa-BCEJYS a657.36xBalances de comprobación (balance estimativo). Balances de saldo. Balance intermedio10aInventarios y balances a3a. ed 1aBarcelona :bLaborc1953 a357 p.c20 cm. a1. La teoría de la invariabilidad del capital - 2. Balance preparatorio - 3. Regularización de cuentas - 4. Balance general de cuentas y cierre de libros - 5. Balance de invetario - 6. Liquidación de pérdidas y ganancias - 7. Reservas - 8. Distribución de beneficios - 9. Interés del capital - 10. Cuestiones especiales 1 aBatardon, Leon1 aBoter, Fernando